000
00303 a2200145 4500
001
167931
020
_a
040
_c
Magnum
100
_a
Aires, Margarida de Mello (Org)
240
1
0
_a
Fisiologia
_l
por
245
1
0
_a
Fisiologia
362
0
_a
1899
697
_a
CIENCIAS MEDICAS SAUDE
942
_c
BK
999
_c
167931
_d
167931